Research methods in social relations (Record no. 7171)

000 -LEADER
fixed length control field 00458 a2200157 4500
020 ## - INTERNATIONAL STANDARD BOOK NUMBER
International Standard Book Number 0030311497
040 ## - CATALOGING SOURCE
Original cataloging agency DLC
Language of cataloging DLC
100 10 - MAIN ENTRY--PERSONAL NAME
Personal name Judd, Charles M.
245 10 - TITLE STATEMENT
Title Research methods in social relations
Statement of responsibility, etc. Charles M. Judd, Eliot Smith and Louise Kidder.
250 ## - EDITION STATEMENT
Edition statement 5th ed.
260 ## - PUBLICATION, DISTRIBUTION, ETC.
Name of publisher, distributor, etc. National Book Foundation
Date of publication, distribution, etc. 1991.
Place of publication, distribution, etc. Islamabad
300 ## - PHYSICAL DESCRIPTION
Extent 563 p.
Other physical details ill.
Dimensions 24 cm.
700 10 - ADDED ENTRY--PERSONAL NAME
Personal name Smith, Eliot.
700 10 - ADDED ENTRY--PERSONAL NAME
Personal name Kidder, Louise.
942 ## - ADDED ENTRY ELEMENTS (KOHA)
Koha item type Book
Call number prefix 300.72 KID
Source of classification or shelving scheme
Holdings
Withdrawn status Lost status Source of classification or shelving scheme Damaged status Not for loan Permanent Location Current Location Shelving location Date acquired Source of acquisition Full call number Barcode Date last seen Price effective from Koha item type Total Checkouts Total Renewals Date last checked out
          Central Library (CL) Central Library (CL) General Stacks 04/09/2008 Donation 001.42 KID SEECS008964 11/14/2012 01/05/2017 Book      
          Central Library (CL) Central Library (CL) General Stacks 11/29/2007 Donation 001.42 KID SEECS004962 11/14/2012 01/05/2017 Book      
          Central Library (CL) Central Library (CL) General Stacks 04/09/2008 Donation 001.42 KID SEECS008968 08/04/2014 01/05/2017 Book 1 1 04/19/2014
          Central Library (CL) Central Library (CL) General Stacks 11/29/2007 Donation 001.42 KID SEECS004963 03/08/2023 01/05/2017 Book      
© 2023 Central Library, National University of Sciences and Technology. All Rights Reserved.